000 01465nam a2200385 i 4500
001 195517
003 SpMaBN
005 20241017063058.0
007 ta
008 090113s1987 sp | |||| 010 0 spa
035 _a(OCoLC)733660820
035 _aa4409108
040 _aSpMaBN
_bspa
_cSpMaBN
_erdc
_dES-MaACL
080 _a821.134.2 Hernández, Miguel 1.07(082.2)
245 0 3 _aLa sombra vencida :
_bMiguel Hernández, encuentro con el poeta /
_c[colaboran], José Carlos Rovira ... [et al.]
260 _a[Orihuela :
_bCírculo Uno,Taller de Cultura :
_bEmpireuma,
_c1987].
300 _a49 p. ;
_c24 cm
336 _2rdacontent
_atexto
337 _2rdamedia
_asin mediación
338 _2rdacarrier
_avolumen
490 1 _aEmpireuma (Orihuela)
504 _aIncluye referencias bibliográficas.
594 _aTítulo tomado de la cubierta
600 1 4 _aHernández, Miguel,
_d1910-1942-
_vHomenajes
_2embne
_962848
700 0 _aRovira, José Carlos,
_9100129
_d1949-
_eclb
710 2 _aCírculo Uno, Taller de Cultura
_9237127
730 0 _aEmpireuma (Orihuela)
_9237128
830 _aEmpireuma (Orihuela)
_9237128
852 _aES-MaACL
_cDEPOF
_jFOLL-BUE-53
_hLegado: Antonio Buero Vallejo
_9203727
903 _932421
_aBuero Vallejo, Antonio,
_q1
_d1916-2000
_ednr
942 _n0
_cFOLLETOS
999 _c195517
_d195517